Cuenta satélite de tecnologías de información y comunicación en Chile: principales resultados
I tiakina i:
| Kaituhi rangatōpū: | |
|---|---|
| Hōputu: | Pukapuka |
| Reo: | Pāniora |
| I whakaputaina: |
Santiago
OCDE
2006
|
| Ngā marau: | |
| Ngā Tūtohu: |
Tāpirihia he Tūtohu
Kāore He Tūtohu, Me noho koe te mea tuatahi ki te tūtohu i tēnei pūkete!
|
MARC
| LEADER | 00000nam a2200000 a 4500 | ||
|---|---|---|---|
| 001 | UCJ9527 | ||
| 003 | CL-VaPUC | ||
| 008 | 070323e20060300cl |||||||||||||||||spa|d | ||
| 082 | 0 | 4 | |a 338.983 |b AGE |2 21 |
| 110 | 2 | |a Agenda Digital |e author |9 519507 | |
| 245 | 1 | 0 | |a Cuenta satélite de tecnologías de información y comunicación en Chile: principales resultados |
| 300 | |a 59 p | ||
| 942 | |c BK | ||
| 945 | |d 20070323 00:00:00 |a cmena | ||
| 260 | |a Santiago |b OCDE |c 2006 | ||
| 650 | 0 | |a Desarrollo económico y social |9 256320 | |
| 650 | 0 | |a Cambio social |9 256857 | |
| 650 | 0 | |a Tecnología de la información |9 254825 | |
| 650 | 7 | |a INNOVACIONES TECNOLOGICAS |2 CL-VaPUC |9 519508 | |
| 651 | 7 | |a CHILE |2 CL-VaPUC |9 519509 | |
| 999 | |c 324989 |d 324987 | ||
| 583 | |k Rodrigo Vera | ||
| 952 | |0 0 |1 0 |4 0 |6 338_983000000000000_AGE_2006 |7 0 |8 A |9 405422 |a BIBGIM |b BIBGIM |d 2019-11-22 |i 432580K |o 338.983 AGE 2006 |p 432580K |r 2025-01-15 |w 2019-11-22 |y BK |k GIM | ||